Normal view
MARC view
- Dr Abasin Ulasyar
Entry Personal Name
001 - CONTROL NUMBER
- control field: 117719
003 - CONTROL NUMBER IDENTIFIER
- control field: NUST
005 - DATE AND TIME OF LATEST TRANSACTION
- control field: 20230913164239.0
008 - FIXED-LENGTH DATA ELEMENTS
- fixed length control field: 230913|| aca||aabn | a|a d
040 ## - CATALOGING SOURCE
- Original cataloging agency: NUST
- Transcribing agency: NUST
100 ## - HEADING--PERSONAL NAME
- Personal name: Dr Abasin Ulasyar
670 ## - SOURCE DATA FOUND
- Source citation: Work cat.: (NUST): 20230913s9999\\\\xx\\\\\\\\\\\\000\0\und\d 117717, Cloud Based IoT Solution for Fault Detection and Localization in Power Distribution Systems /, 2022
